Online
Catalog

Las litis expensas / (Record no. 12489)

MARC details
000 -CABECERA
campo de control de longitud fija 00579cam a2200193 a 4500
001 - NÚMERO DE CONTROL
campo de control 000012841
005 - FECHA Y HORA DE LA ÚLTIMA TRANSACCIÓN
campo de control 20260326113753.0
008 - DATOS DE LONGITUD FIJA--INFORMACIÓN GENERAL
campo de control de longitud fija 850801s1964 sp 000 0 spa
040 ## - FUENTE DE LA CATALOGACIÓN
Centro catalogador/agencia de origen DO-SdBNP
Lengua de catalogación spa
Centro/agencia transcriptor LC
Centro/agencia modificador BNPHU
082 ## - NÚMERO DE LA CLASIFICACIÓN DECIMAL DEWEY
Número de clasificación 347.077
Número de documento/Ítem C345L
049 ## - FONDOS LOCALES (OCLC)
Fondos de biblioteca BNGR
100 1# - ENTRADA PRINCIPAL--NOMBRE DE PERSONA
Nombre de persona Casso, Alberto Maria de.
9 (RLIN) 29699
245 14 - MENCIÓN DE TÍTULO
Título Las litis expensas /
Mención de responsabilidad, etc. Alberto M. de Casso.
260 ## - PUBLICACIÓN, DISTRIBUCIÓN, ETC.
Lugar de publicación, distribución, etc. Barcelona :
Nombre del editor, distribuidor, etc. Nauta,
Fecha de publicación, distribución, etc. 1964.
300 ## - DESCRIPCIÓN FÍSICA
Extensión 308 p. ;
Dimensiones 21 cm.
650 #4 - PUNTO DE ACCESO ADICIONAL DE MATERIA--TÉRMINO DE MATERIA
Término de materia o nombre geográfico como elemento de entrada Procesos (derecho)
Subdivisión geográfica Spaña.
9 (RLIN) 29700
650 #0 - PUNTO DE ACCESO ADICIONAL DE MATERIA--TÉRMINO DE MATERIA
Término de materia o nombre geográfico como elemento de entrada Sentencias
9 (RLIN) 29701
910 ## - DATOS DE OPCIÓN DEL USUARIO (OCLC)
Datos de opción del usuario Catalogación por copia / LC
999 ## - NÚMEROS DE CONTROL DE SISTEMA (KOHA)
-- 0000212
Holdings
Estado de retiro Estado de pérdida Restricciones de uso No para préstamo Código de colección Localización permanente Ubicación/localización actual Ubicación en estantería Fecha de adquisición Número de inventario Total de préstamos Signatura topográfica completa Código de barras Fecha visto por última vez Precio válido a partir de Tipo de ítem Koha
    Préstamo interno   Monografías: Libros y Folletos General General En catalogación 17.11.2009 LF1   347.077 C345L 12841-10 25.06.2020 25.06.2020 Préstamo interno

Powered by Koha